BIBLIOTECA

SENCICO

Libro del hábitat ecológico : (Registro nro. 2617)

Detalles MARC
000 -LEADER
fixed length control field 00842nam a2200253Ia 4500
003 - CONTROL NUMBER IDENTIFIER
control field PE SENCICO BE
005 - DATE AND TIME OF LATEST TRANSACTION
control field 20251020182548.0
008 - FIXED-LENGTH DATA ELEMENTS--GENERAL INFORMATION
fixed length control field 200515s9999 xx 000 0 und d
040 ## - CATALOGING SOURCE
Original cataloging agency PE SENCICO BE
Transcribing agency PE SENCICO BE
041 ## - LANGUAGE CODE
Language code of text/sound track or separate title spa
082 ## - DEWEY DECIMAL CLASSIFICATION NUMBER
Classification number 720.47
Item number L
245 10 - TITLE STATEMENT
Title Libro del hábitat ecológico :
Remainder of title bioconstrucción y arquitectura regenerativa /
Statement of responsibility, etc. edicion: Toni Marín
250 ## - EDITION STATEMENT
Edition statement [1a ed.]
260 ## - PUBLICATION, DISTRIBUTION, ETC.
Place of publication, distribution, etc. Navarra, España :
Name of publisher, distributor, etc. Ecohabitar,
Date of publication, distribution, etc. 2021
300 ## - PHYSICAL DESCRIPTION
Extent 371 páginas :
Other physical details ilustraciones a color,
Dimensions 24 cm.
650 10 - SUBJECT ADDED ENTRY--TOPICAL TERM
Topical term or geographic name entry element Ecología urbana
9 (RLIN) 406
650 20 - SUBJECT ADDED ENTRY--TOPICAL TERM
Topical term or geographic name entry element Arquitectura sostenible
9 (RLIN) 280
650 20 - SUBJECT ADDED ENTRY--TOPICAL TERM
Topical term or geographic name entry element Arquitectura bioclimática
9 (RLIN) 189
650 20 - SUBJECT ADDED ENTRY--TOPICAL TERM
Topical term or geographic name entry element Sistemas constructivos
9 (RLIN) 942
650 20 - SUBJECT ADDED ENTRY--TOPICAL TERM
Topical term or geographic name entry element Salud ambiental
9 (RLIN) 534
650 20 - SUBJECT ADDED ENTRY--TOPICAL TERM
Topical term or geographic name entry element Energías renovables
9 (RLIN) 531
700 1# - ADDED ENTRY--PERSONAL NAME
9 (RLIN) 1421
Personal name Marín, Toni
Relator term edición
942 ## - ADDED ENTRY ELEMENTS (KOHA)
Koha item type Libros
Source of classification or shelving scheme Dewey Decimal Classification
Existencias
Fecha de la última vez que lo usaron Número de ingreso o de inventario Pago total Signatura topográfica completa Precio efectivo desde Tipo de documento Estado perdido Sistema de clasificación Estado dañado No es para préstamo Retirado Ubicación permanente Ubicación actual Fecha de adquisición Fuente de adquisición
15/05/2020 16682   720.47/L 20/10/2025 Libros   Dewey Decimal Classification       Biblioteca Central Lima Biblioteca Central Lima 14/08/2023 Comprado de la librería Megabook